| 000 | 00697nam a2200217Ia 4500 | ||
|---|---|---|---|
| 003 | BUBTL | ||
| 008 | 151213s9999 xx 000 0 und d | ||
| 020 | _a978-81-3170300-8 | ||
| 082 |
_a332 / _bF113f |
||
| 100 |
_aFabozzi, Frank j. _91290 |
||
| 245 |
_aFoundations of Financial Markets and Institutions / _cFrank j.fabozzi, Franeo modigliani, frank j jones, michael G.Ferri |
||
| 250 | _a3rd | ||
| 260 |
_aIndia _bPearson _c2002 |
||
| 300 |
_axxiii,10918 p.: _bill. ,chart, Table, ; 24 cm . |
||
| 650 | _aFinance | ||
| 650 |
_aFinance _94526 |
||
| 700 | _aFrank s.fabozzi, Franeo modigliani, frank j jones, michael G.Ferri | ||
| 856 |
_k0 _l0 _yDownload |
||
| 942 |
_2ddc _cBK |
||
| 999 |
_c4924 _d4924 |
||